000 00868nam a2200205Ii 4500
003 JO-AjNU
008 230605s9999||||xx |||||||||||||| ||und||
020 _a978-84-16982-02-8
040 _aJO-AjNU
_bara
_erda
_cJO-AjNU
041 _aara
050 1 4 _aG155 2016
100 3 _aتأليف مصطفى ، ميرنا واخروون... ؛ تحرير ميرنا مصطفى,
_eauthor
_957345
245 0 0 _aمشروع تيوننج الشرق الاوسط وشمال افريقيا: نقاط مرجعية لتصميم وتقديم برامج جامعية في السياحة
264 3 1 _aبلباو: جامعة ديوستو ، 2016
300 _a122ص
_bيحتوي على ببلوغرافية وملاحق
336 _atext
_btxt
_2rdacontent
337 _aunmediated
_bn
_2rdamedia
338 _avolume
_bnc
_2rdacarrier
650 4 _aالسياحة - تعليم
_957346
999 _aA25690
_c29258
_d29258